Ökonomische Auswirkungen von Nahrungsmittelsanktionen

Guardado en:
Detalles Bibliográficos
Autor principal: Herrmann, Roland
Formato: Libro
Lenguaje:alemán
Publicado: Kiel Institut für Weltwirtschaft 1987
Colección:Arbeitspapier Nr. 296
Etiquetas: Agregar Etiqueta
Sin Etiquetas, Sea el primero en etiquetar este registro!

MARC

LEADER 00000nam a2200000 4500
001 c111137
005 20181203150319.2
041 0 |a ger 
044 |a DE 
245 1 0 |a Ökonomische Auswirkungen von Nahrungsmittelsanktionen  |c Roland Herrmann 
264 1 |a Kiel  |b Institut für Weltwirtschaft  |c 1987 
300 |a 30 s. 
490 1 |a Arbeitspapier  |v Nr. 296 
830 0 |a Arbeitspapier  |v Nr. 296 
100 1 |a Herrmann, Roland